000 00328nam a22001457a 4500
020 _a1-86019-543-1
082 _a001
_bBAX/H
100 _aBAXTER, NICOLA
245 _aHUMAN BODY PROJECT BOOK
260 _aLONDON
_bBROCKHAMPTON PRESS
300 _a32
520 _aSCIENCE QUIZ
650 _aSCIENCE QUIZ
_zLONDON
942 _cBK
999 _c5989
_d5989